00307nam a2200121Ia 4500008004100000041000800041082001200049100002000061245001200081260004800093300003100141365001300172240624s9999 xx 000 0 und d aeng a823 MOR aMORRISON S TONI aBELOVED c2011aNew DelhibViva Books Private Limited avii, : 223 : p. : cm. ; 24 cRSb33.5